| 000 | 00755cam a22002653a 4500 | ||
|---|---|---|---|
| 001 | 31653 | ||
| 003 | PGUSA | ||
| 005 | 20140828083702.0 | ||
| 008 | 100315s2010||||xxu|||||s|||||000 1 eng d | ||
| 040 |
_aPGUSA _beng |
||
| 042 | _adc | ||
| 050 | 4 | _aPA | |
| 100 | 1 |
_aPapadiamantes, Alexandros, _d1851-1911 |
|
| 245 | 1 | 0 |
_aΠασχαλινές ιστορίες _h[electronic resource] / _cAlexandros Papadiamantes |
| 260 |
_bProject Gutenberg, _c2010 |
||
| 506 | _aPublic domain in the USA. | ||
| 516 | _aElectronic text | ||
| 653 | _aEaster stories | ||
| 653 | _aShort stories | ||
| 653 | _aFiction | ||
| 740 | 0 | _aEaster Time Short Stories | |
| 830 | 0 |
_aProject Gutenberg _v31653 |
|
| 856 | 4 | 0 | _uhttp://www.gutenberg.org/ebooks/31653 |
| 942 | _cEB | ||
| 999 |
_c260908 _d260908 |
||